000 00926nam a22001815i 4500
001 163361
003 ES-MaACL
005 20251109135024.0
008 991008s1872 sp |||| | spa d
040 _aCCPB | B
_bspa
_cCCPB | B
100 1 _aRetes, Francisco Luis de,
_d1822-1901
_9131729
245 1 3 _aLa razón de la fuerza
_b: comedia en tres actos y en verso /
_coriginal de los señores D. Francisco Luis de Retes y D. Francisco Pérez Echevarría.
260 _aMadrid :
_bAdministración Lírico-Dramática,
_c1872 (
_fImprenta de José Rodríguez)
300 _a95 p. ;
_c20 cm.
700 1 _aPérez Echevarría, Francisco,
_d1842-1884
_9131463
852 _aES-MaACL
_jF-8574(6)
_z-- Enc. pasta española, falto de la cub. original
_z-- Enc. en un vol. facticio formando parta de la Col. "Teatro español moderno" vol. 27
_z.- Dedicatoria manuscrita de los autores en anteport.
999 _c163361
_d163361